Producto final de investigación: artículo titulado. La Medea de Eurípides: hacia un psicoanálisis de la agresión femenina y la autonomía
Guardado en:
| Hovedforfatter: | |
|---|---|
| Format: | Texto |
| Udgivet: |
San José:
UCR. FCS. IIS
|
| Fag: | |
| Tags: |
Tilføj Tag
Ingen Tags, Vær først til at tagge denne postø!
|
MARC
| LEADER | 00000 a a2200000 04500 | ||
|---|---|---|---|
| 001 | 28843 | ||
| 003 | |||
| 040 | |||
| 090 | |a 189900 | ||
| 100 | |a Hidalgo Xirinachs, Roxana | ||
| 245 | |a Producto final de investigación: artículo titulado. La Medea de Eurípides: hacia un psicoanálisis de la agresión femenina y la autonomía | ||
| 260 | |a San José: |b UCR. FCS. IIS | ||
| 300 | |a 28 p | ||
| 650 | |a MITOLOGIA | ||
| 650 | |a ROL DE LA MUJER | ||
| 650 | |a HOMICIDIO | ||
| 650 | |a PSICOANALISIS | ||
| 999 | |c 10981 |d 10981 | ||
